[Event "Campeonato de España Abierto 2006"]
[Site "Leon ESP"]
[Date "2006.11.26"]
[Round "5.40"]
[White "Pastrana Alvarez, Santiago"]
[Black "Fernandez Calzada, Juan Antonio"]
[Result "0-1"]
[WhiteElo "1875"]
[BlackElo "1951"]
[PlyCount "72"]
[EventDate "2006.11.22"]
[EventType "swiss"]
[EventRounds "9"]
[EventCountry "ESP"]
[Source "lmi"]
[SourceDate "2006.11.22"]

1. e4 c5 2. Nf3 d6 3. d4 cxd4 4. Nxd4 Nf6 5. Nc3 a6 6. Bg5 e6 7. Bd3 Nbd7 8.
O-O Qc7 9. Kh1 b5 10. a3 Bb7 11. f3 Be7 12. Rc1 Ne5 13. Qd2 Nc4 14. Bxc4 Qxc4
15. Nb3 Qc7 16. Rfd1 Rd8 17. Qf4 O-O 18. Ne2 h6 19. Bxh6 gxh6 20. Qxh6 Nh7 21.
Nd2 Bg5 22. Qh5 Qe7 23. f4 Bf6 24. Rf1 Bg7 25. Rf3 Qf6 26. Rh3 Qg6 27. Qh4 f5
28. Nd4 Rde8 29. Rg3 Qf7 30. N4f3 fxe4 31. Ng5 Nxg5 32. fxg5 Qf4 33. Rg4 Qxd2
34. Rg1 Qf2 35. Qh5 Re7 36. Rh4 Qf5 0-1

[Event "Campeonato de España Abierto 2006"]
[Site "Leon ESP"]
[Date "2006.11.26"]
[Round "5.47"]
[White "Aretxabaleta Saez, Julian"]
[Black "Lopez Filio, Antonio"]
[Result "1-0"]
[WhiteElo "1872"]
[BlackElo "1760"]
[PlyCount "115"]
[EventDate "2006.11.22"]
[EventType "swiss"]
[EventRounds "9"]
[EventCountry "ESP"]
[Source "lmi"]
[SourceDate "2006.11.22"]

1. d4 Nf6 2. c4 g6 3. Nc3 d6 4. Nf3 Bg7 5. e3 O-O 6. Be2 Re8 7. O-O Nbd7 8. e4
e5 9. d5 a5 10. b3 Nc5 11. Qc2 Nh5 12. Be3 b6 13. Nd2 Nf4 14. Bxc5 Nxe2+ 15.
Nxe2 bxc5 16. Nc3 f5 17. f3 f4 18. Rae1 g5 19. g4 fxg3 20. hxg3 Rf8 21. Nd1 Bd7
22. a4 Qe7 23. Kg2 h5 24. Rh1 h4 25. g4 Qf6 26. Re3 Qf4 27. Nf1 Bxg4 28. fxg4
Qxg4+ 29. Ng3 hxg3 30. Rxg3 Qf4 31. Qd3 Rf7 32. Qe3 Qxe3 33. Nxe3 Bf6 34. Ng4
Kg7 35. Rf1 Raf8 36. Ne3 Rh8 37. Rh3 Rxh3 38. Kxh3 Kf8 39. Kg4 Ke8 40. Rh1 Kd7
41. Nf5 c6 42. Rh6 cxd5 43. cxd5 Kc7 44. Rg6 Be7 45. Rg8 Kd7 46. Ra8 Bd8 47.
Ra7+ Bc7 48. Kxg5 Rh7 49. Rb7 Rh1 50. Kg4 Re1 51. Kf3 Kc8 52. Rb5 Kd7 53. Ne3
Rh1 54. Kg3 Re1 55. Kf2 Rh1 56. Ke2 Rh8 57. Kf2 Rh2+ 58. Ng2 1-0

[Event "Campeonato de España Abierto 2006"]
[Site "Leon ESP"]
[Date "2006.11.27"]
[Round "6.1"]
[White "Moreno Ruiz, Javier"]
[Black "Bellon Lopez, Juan Manuel"]
[Result "0-1"]
[WhiteElo "2456"]
[BlackElo "2396"]
[PlyCount "56"]
[EventDate "2006.11.22"]
[EventType "swiss"]
[EventRounds "9"]
[EventCountry "ESP"]
[Source "lmi"]
[SourceDate "2006.11.22"]

1. d4 d5 2. c4 e6 3. Nc3 Be7 4. cxd5 exd5 5. Bf4 c6 6. e3 Bf5 7. Nge2 Nf6 8.
Ng3 Bg6 9. h4 h5 10. Bd3 Bxd3 11. Qxd3 Bd6 12. Bxd6 Qxd6 13. Nf5 Qf8 14. e4 g6
15. e5 gxf5 16. exf6 Nd7 17. O-O O-O-O 18. Nxd5 cxd5 19. Qg3 Nb8 20. Rfc1+ Nc6
21. b4 Qxb4 22. Rab1 Qd6 23. Qc3 Rd7 24. Rb5 Rc7 25. Rc5 Kb8 26. a4 Rhc8 27.
Qd2 b6 28. R5c2 Qxf6 0-1

[Event "Campeonato de España Abierto 2006"]
[Site "Leon ESP"]
[Date "2006.11.27"]
[Round "6.3"]
[White "Granados Gomez, Manuel"]
[Black "Recuero Guerra, David"]
[Result "1-0"]
[WhiteElo "2433"]
[BlackElo "2321"]
[PlyCount "75"]
[EventDate "2006.11.22"]
[EventType "swiss"]
[EventRounds "9"]
[EventCountry "ESP"]
[Source "lmi"]
[SourceDate "2006.11.22"]

1. e4 c5 2. c4 Nc6 3. Nc3 g6 4. g3 Bg7 5. Bg2 d6 6. d3 e6 7. Nge2 Nge7 8. O-O
O-O 9. Be3 Nd4 10. Qd2 Nec6 11. Bh6 Ne5 12. Nxd4 Bxh6 13. Qxh6 cxd4 14. Ne2 Qb6
15. Qd2 a5 16. b3 Bd7 17. h3 Nc6 18. Rab1 Qc5 19. f4 Rae8 20. Kh2 f5 21. Qb2
fxe4 22. Bxe4 d5 23. Bg2 b5 24. cxd5 exd5 25. Rfc1 Qd6 26. Nxd4 Nxd4 27. Qxd4
Re2 28. Rb2 Rxb2 29. Qxb2 d4 30. Re1 Bf5 31. Re5 Qb4 32. Qe2 Qc3 33. Bd5+ Kg7
34. Re7+ Kh6 35. Rxh7+ Kxh7 36. Qe7+ Rf7 37. Qxf7+ Kh6 38. Qf8+ 1-0

[Event "Campeonato de España Abierto 2006"]
[Site "Leon ESP"]
[Date "2006.11.27"]
[Round "6.4"]
[White "Llaneza Vega, Marcos"]
[Black "Alsina Leal, Daniel"]
[Result "1-0"]
[WhiteElo "2341"]
[BlackElo "2391"]
[PlyCount "53"]
[EventDate "2006.11.22"]
[EventType "swiss"]
[EventRounds "9"]
[EventCountry "ESP"]
[Source "lmi"]
[SourceDate "2006.11.22"]

1. e4 g6 2. d4 Bg7 3. Nc3 d6 4. Bg5 a6 5. Nf3 b5 6. Bd3 Nd7 7. e5 Bb7 8. Qe2
dxe5 9. dxe5 Bxf3 10. gxf3 Bxe5 11. O-O-O Bd6 12. Ne4 Kf8 13. h4 h6 14. Bd2
Ngf6 15. f4 c5 16. Nxd6 exd6 17. Qf3 h5 18. f5 Ne5 19. Qg3 Nxd3+ 20. Qxd3 d5
21. fxg6 Ra7 22. g7+ Kxg7 23. Rhg1+ Kf8 24. Qg3 Ne8 25. Rde1 Qf6 26. Rxe8+ Kxe8
27. Qb8+ 1-0

[Event "Campeonato de España Abierto 2006"]
[Site "Leon ESP"]
[Date "2006.11.27"]
[Round "6.5"]
[White "Vehi Bach, Victor Manuel"]
[Black "Lacasa Diaz, Jose A"]
[Result "1/2-1/2"]
[WhiteElo "2311"]
[BlackElo "2404"]
[PlyCount "44"]
[EventDate "2006.11.22"]
[EventType "swiss"]
[EventRounds "9"]
[EventCountry "ESP"]
[Source "lmi"]
[SourceDate "2006.11.22"]

1. e4 e5 2. Nf3 Nc6 3. d4 exd4 4. Nxd4 Nf6 5. Nxc6 bxc6 6. e5 Qe7 7. Qe2 Nd5 8.
c4 Ba6 9. g3 g6 10. b3 Bg7 11. Bb2 O-O 12. Bg2 Rfe8 13. O-O Bxe5 14. Bxe5 Qxe5
15. Qxe5 Rxe5 16. cxd5 Bxf1 17. Kxf1 cxd5 18. Nc3 c6 19. Rc1 Rae8 20. Bf3 Kf8
21. Na4 Ke7 22. Nc5 Kd6 1/2-1/2

[Event "Campeonato de España Abierto 2006"]
[Site "Leon ESP"]
[Date "2006.11.27"]
[Round "6.7"]
[White "Fernandez Siles, Luis"]
[Black "Baron Rodriguez, Jesus"]
[Result "0-1"]
[WhiteElo "2280"]
[BlackElo "2424"]
[PlyCount "54"]
[EventDate "2006.11.22"]
[EventType "swiss"]
[EventRounds "9"]
[EventCountry "ESP"]
[Source "lmi"]
[SourceDate "2006.11.22"]

1. e4 e5 2. Nf3 Nc6 3. Bb5 a6 4. Ba4 Nf6 5. O-O Be7 6. Qe2 b5 7. Bb3 O-O 8. c3
d5 9. d3 d4 10. cxd4 Bg4 11. d5 Nd4 12. Qd1 Bxf3 13. gxf3 Nh5 14. Be3 Bg5 15.
Bxd4 exd4 16. f4 Nxf4 17. Qf3 Ng6 18. Na3 Bf4 19. Qg4 Re8 20. Nc2 Re5 21. Kh1
Rg5 22. Qf3 Bxh2 23. d6 Nf4 24. e5 Rh5 25. Nxd4 Rc8 26. e6 Qg5 27. d7 Bg1+ 0-1

[Event "Campeonato de España Abierto 2006"]
[Site "Leon ESP"]
[Date "2006.11.27"]
[Round "6.8"]
[White "Franco Alonso, Alejandro"]
[Black "Tattersall Rodriguez, Lester"]
[Result "1/2-1/2"]
[WhiteElo "2404"]
[BlackElo "2293"]
[PlyCount "39"]
[EventDate "2006.11.22"]
[EventType "swiss"]
[EventRounds "9"]
[EventCountry "ESP"]
[Source "lmi"]
[SourceDate "2006.11.22"]

1. d4 g6 2. c4 Bg7 3. Nc3 d6 4. e4 Nf6 5. Nf3 O-O 6. h3 e5 7. d5 Nh5 8. Nh2 Qe8
9. Be2 Nf4 10. Bf3 f5 11. g3 Nxh3 12. Bg2 Qf7 13. Bxh3 fxe4 14. Ng4 Bxg4 15.
Qxg4 Qxf2+ 16. Kd1 Qd4+ 17. Ke1 Qf2+ 18. Kd1 Qd4+ 19. Ke1 Qf2+ 20. Kd1 1/2-1/2

[Event "Campeonato de España Abierto 2006"]
[Site "Leon ESP"]
[Date "2006.11.27"]
[Round "6.9"]
[White "Gonzalez Galvan, Juan Manuel"]
[Black "Almagro Llamas, Pablo"]
[Result "1/2-1/2"]
[WhiteElo "2245"]
[BlackElo "2377"]
[PlyCount "33"]
[EventDate "2006.11.22"]
[EventType "swiss"]
[EventRounds "9"]
[EventCountry "ESP"]
[Source "lmi"]
[SourceDate "2006.11.22"]

1. e4 c6 2. Nc3 d5 3. Qf3 e6 4. d4 Qb6 5. Bd3 Qxd4 6. Nge2 Qb6 7. Be3 Qd8 8.
O-O-O Nf6 9. Qg3 dxe4 10. Bxe4 Qa5 11. Nd4 Na6 12. Nb3 Qc7 13. Bf4 Qb6 14. Be3
Qc7 15. Bf4 Qb6 16. Be3 Qc7 17. Bf4 1/2-1/2

[Event "Campeonato de España Abierto 2006"]
[Site "Leon ESP"]
[Date "2006.11.27"]
[Round "6.10"]
[White "Casares Cabanas, Carlos"]
[Black "Argandoña Riveiro, Iñigo"]
[Result "1/2-1/2"]
[WhiteElo "2193"]
[BlackElo "2377"]
[PlyCount "36"]
[EventDate "2006.11.22"]
[EventType "swiss"]
[EventRounds "9"]
[EventCountry "ESP"]
[Source "lmi"]
[SourceDate "2006.11.22"]

1. e4 c5 2. Nf3 d6 3. d4 cxd4 4. Nxd4 Nf6 5. Nc3 g6 6. Be3 Bg7 7. f3 Nc6 8. Qd2
O-O 9. Bc4 Bd7 10. O-O-O Rb8 11. Bb3 Na5 12. Bh6 Bxh6 13. Qxh6 b5 14. g4 e5 15.
Nf5 Bxf5 16. exf5 Nxb3+ 17. cxb3 Kh8 18. Kb1 gxf5 1/2-1/2

[Event "Campeonato de España Abierto 2006"]
[Site "Leon ESP"]
[Date "2006.11.27"]
[Round "6.11"]
[White "Garcia Moral Garcia, Jose Daniel"]
[Black "Fernandez Aguado, Enrique"]
[Result "0-1"]
[WhiteElo "2232"]
[BlackElo "2384"]
[PlyCount "92"]
[EventDate "2006.11.22"]
[EventType "swiss"]
[EventRounds "9"]
[EventCountry "ESP"]
[Source "lmi"]
[SourceDate "2006.11.22"]

1. e4 e6 2. d3 d5 3. Nd2 Nf6 4. Ngf3 b6 5. Qe2 Be7 6. g3 dxe4 7. dxe4 Ba6 8. c4
Nc6 9. e5 Nd7 10. Bg2 Bb7 11. O-O Nc5 12. Rd1 Qd3 13. Qxd3 Nxd3 14. Nb3 O-O-O
15. Be3 Nxb2 16. Rxd8+ Rxd8 17. c5 Rd1+ 18. Rxd1 Nxd1 19. Bd2 bxc5 20. Na5 Nxa5
21. Bxa5 c4 22. Nd2 c3 23. Nb3 c2 24. Bxb7+ Kxb7 25. Bd2 Nb2 26. f4 Nd3 27. Nc1
Bb4 28. Be3 Nxc1 29. Bxc1 Bc3 30. Kf2 c5 31. Ke3 c4 32. g4 Kc6 33. Ke4 a5 34.
h4 a4 35. a3 g6 36. h5 f5+ 37. exf6 Bxf6 38. hxg6 hxg6 39. Ke3 Bc3 40. Ke4 Kd6
41. Kf3 Kd5 42. Ke3 e5 43. f5 gxf5 44. gxf5 e4 45. Kf4 Bd4 46. Kg4 e3 0-1

[Event "Campeonato de España Abierto 2006"]
[Site "Leon ESP"]
[Date "2006.11.27"]
[Round "6.12"]
[White "Veganzones Rojo, David"]
[Black "Vigil Alvarez, Luis Javier"]
[Result "1/2-1/2"]
[WhiteElo "2156"]
[BlackElo "2279"]
[PlyCount "93"]
[EventDate "2006.11.22"]
[EventType "swiss"]
[EventRounds "9"]
[EventCountry "ESP"]
[Source "lmi"]
[SourceDate "2006.11.22"]

1. d4 Nf6 2. c4 e6 3. Nf3 b6 4. g3 Bb7 5. Bg2 Be7 6. O-O O-O 7. Nc3 Ne4 8. Bd2
f5 9. d5 Bf6 10. Rc1 Na6 11. Ne1 Nac5 12. b4 Nxc3 13. Bxc3 Ne4 14. Bxf6 Nxf6
15. dxe6 Bxg2 16. Nxg2 dxe6 17. Qc2 Qe7 18. c5 Rfd8 19. cxb6 cxb6 20. a3 a5 21.
bxa5 Rxa5 22. Rb1 Nd5 23. Nf4 Nxf4 24. gxf4 Rc5 25. Qb3 b5 26. Rfd1 Rcd5 27.
Rxd5 Rxd5 28. Rc1 h6 29. Qe3 Qd7 30. Kg2 Kh7 31. Kg1 Qd6 32. Rc3 Rd1+ 33. Kg2
Rd4 34. Qe5 Qxe5 35. fxe5 Re4 36. Rc5 Rxe2 37. Rxb5 Ra2 38. Rb6 Rxa3 39. Rxe6
Ra4 40. f3 Kg8 41. Kg3 Kf7 42. Rb6 Rc4 43. h4 h5 44. Rb7+ Kg6 45. Rb6+ Kf7 46.
Rb7+ Kg6 47. Rb6+ 1/2-1/2

[Event "Campeonato de España Abierto 2006"]
[Site "Leon ESP"]
[Date "2006.11.27"]
[Round "6.14"]
[White "Cabezas Ayala, Ivan"]
[Black "Bayon Fernandez, Rogelio"]
[Result "1/2-1/2"]
[WhiteElo "2339"]
[BlackElo "2175"]
[PlyCount "65"]
[EventDate "2006.11.22"]
[EventType "swiss"]
[EventRounds "9"]
[EventCountry "ESP"]
[Source "lmi"]
[SourceDate "2006.11.22"]

1. e4 c5 2. Nf3 Nc6 3. d4 cxd4 4. Nxd4 Nf6 5. Nc3 d6 6. Be2 e5 7. Nf3 h6 8. O-O
Be7 9. Re1 O-O 10. h3 a6 11. Bf1 Nb8 12. a4 b6 13. b3 Qc7 14. Bb2 Nbd7 15. Bc4
Bb7 16. Nh2 Nc5 17. Nd5 Bxd5 18. Bxd5 Nxd5 19. Qxd5 Ne6 20. c4 Rfc8 21. Nf1 Nf4
22. Qd1 Qc6 23. Rc1 f5 24. Ng3 Rf8 25. Rc3 Rf7 26. Rf3 fxe4 27. Nxe4 Raf8 28.
Ba3 b5 29. axb5 axb5 30. Bxd6 bxc4 31. Bxe7 Rxe7 32. Qc2 Rc7 33. Qxc4+ 1/2-1/2

[Event "Campeonato de España Abierto 2006"]
[Site "Leon ESP"]
[Date "2006.11.27"]
[Round "6.15"]
[White "Pena Gomez, Manuel"]
[Black "Liñan Baena, Jeronimo"]
[Result "0-1"]
[WhiteElo "2318"]
[BlackElo "2159"]
[PlyCount "114"]
[EventDate "2006.11.22"]
[EventType "swiss"]
[EventRounds "9"]
[EventCountry "ESP"]
[Source "lmi"]
[SourceDate "2006.11.22"]

1. e4 e6 2. d4 d5 3. Nc3 Nf6 4. Bg5 Bb4 5. e5 h6 6. Bd2 Bxc3 7. bxc3 Ne4 8. Qg4
g6 9. Bd3 Nxd2 10. Kxd2 c5 11. h4 Nc6 12. Rh3 c4 13. Be2 Qe7 14. h5 g5 15. f4
Rg8 16. Nf3 Bd7 17. fxg5 O-O-O 18. Rah1 f5 19. exf6 Qxf6 20. gxf6 Rxg4 21. Rh4
Rxg2 22. Rf4 Rf8 23. Ke3 Be8 24. Rh2 Rg3 25. Kf2 Rgg8 26. Bf1 Kd7 27. Rhh4 Bf7
28. Bh3 Rg5 29. Bg4 Kd6 30. Rh1 Rgg8 31. Re1 b5 32. Nh4 a5 33. Ng6 Re8 34. Kf3
e5 35. dxe5+ Nxe5+ 36. Nxe5 Rxe5 37. Rxe5 Kxe5 38. Rf5+ Kd6 39. Kf4 Re8 40. Kg3
Re3+ 41. Rf3 Rxf3+ 42. Kxf3 Ke5 43. Ke3 b4 44. Kd2 bxc3+ 45. Kxc3 d4+ 46. Kb2
c3+ 47. Ka3 Kxf6 48. Be2 Kg5 49. Ka4 Bxa2 50. Kxa5 Bf7 51. Kb4 Bxh5 52. Bf1 Kf4
53. Kc5 Ke3 54. Bd3 Bf3 55. Bf5 h5 56. Kc4 Bg4 57. Bd3 Be2 0-1

[Event "Campeonato de España Abierto 2006"]
[Site "Leon ESP"]
[Date "2006.11.27"]
[Round "6.16"]
[White "Garcia Garcia, Ruben"]
[Black "Garcia Gonzalez, Manuel"]
[Result "1-0"]
[WhiteElo "2329"]
[BlackElo "2142"]
[PlyCount "123"]
[EventDate "2006.11.22"]
[EventType "swiss"]
[EventRounds "9"]
[EventCountry "ESP"]
[Source "lmi"]
[SourceDate "2006.11.22"]

1. e4 c5 2. Nf3 d6 3. d4 cxd4 4. Nxd4 Nf6 5. Nc3 g6 6. Be3 Bg7 7. f3 Nc6 8. Qd2
O-O 9. Bc4 Nxd4 10. Bxd4 Be6 11. Bb3 Qa5 12. O-O Qb4 13. Rad1 Rfc8 14. Kh1 Bc4
15. Rfe1 e6 16. Qg5 h6 17. Qh4 Bxb3 18. axb3 e5 19. Be3 d5 20. Bd2 d4 21. Nd5
Qd6 22. Bb4 Qe6 23. Ne7+ Kh7 24. Nxc8 Rxc8 25. Rc1 Nh5 26. Bd2 a6 27. Qf2 Rc6
28. g3 Nf6 29. Qe2 Ne8 30. Qd3 Nd6 31. Ra1 Nb5 32. Kg1 Qc8 33. Rac1 Qe6 34. Re2
f5 35. exf5 Qxf5 36. Qxf5 gxf5 37. c3 Re6 38. Rce1 Rc6 39. c4 Nc7 40. Rxe5 Bxe5
41. Rxe5 Kg6 42. Re7 b5 43. Bf4 Ne6 44. Be5 d3 45. Rd7 bxc4 46. bxc4 Rxc4 47.
Rxd3 Rc1+ 48. Kf2 Rc2+ 49. Kf1 Nc5 50. Rc3 Rxc3 51. Bxc3 h5 52. Ke2 Kg5 53. h4+
Kg6 54. Ke3 Ne6 55. Be5 Kf7 56. Kd3 Nf8 57. Kd4 Ke6 58. Bc7 Nd7 59. b3 Nf6 60.
Kc5 Nd5 61. Bf4 a5 62. Bd2 1-0

[Event "Campeonato de España Abierto 2006"]
[Site "Leon ESP"]
[Date "2006.11.27"]
[Round "6.17"]
[White "Varela Mourin, Jesus"]
[Black "Gonzalez Valero, Julio"]
[Result "1/2-1/2"]
[WhiteElo "2169"]
[BlackElo "2279"]
[PlyCount "24"]
[EventDate "2006.11.22"]
[EventType "swiss"]
[EventRounds "9"]
[EventCountry "ESP"]
[Source "lmi"]
[SourceDate "2006.11.22"]

1. e4 c5 2. Nc3 Nc6 3. g3 g6 4. Bg2 Bg7 5. d3 d6 6. f4 e6 7. Nf3 Nge7 8. O-O
O-O 9. Be3 b6 10. Bf2 Ba6 11. Qd2 Qd7 12. g4 f5 1/2-1/2

[Event "Campeonato de España Abierto 2006"]
[Site "Leon ESP"]
[Date "2006.11.27"]
[Round "6.19"]
[White "Trujillo Delgado, Dafnae"]
[Black "Saenz Narciso, Miguel Angel"]
[Result "1-0"]
[WhiteElo "2174"]
[BlackElo "2114"]
[PlyCount "55"]
[EventDate "2006.11.22"]
[EventType "swiss"]
[EventRounds "9"]
[EventCountry "ESP"]
[Source "lmi"]
[SourceDate "2006.11.22"]

1. e4 c5 2. Nf3 Nc6 3. d4 cxd4 4. Nxd4 g6 5. Be2 Bg7 6. Nb3 Nf6 7. Nc3 O-O 8.
O-O d6 9. Bg5 a5 10. a4 Be6 11. Re1 Bxb3 12. cxb3 Nb4 13. Bc4 Nd7 14. f4 Nb6
15. Kh1 Nxc4 16. bxc4 Rc8 17. Nd5 f6 18. Bh4 Rxc4 19. Qb3 e6 20. Qxc4 exd5 21.
exd5 Qd7 22. Rac1 Qg4 23. Bg3 f5 24. Re2 h5 25. Be1 h4 26. h3 Qh5 27. Bxb4 axb4
28. Rce1 1-0

[Event "Campeonato de España Abierto 2006"]
[Site "Leon ESP"]
[Date "2006.11.27"]
[Round "6.20"]
[White "Vega Gutierrez, Belinda"]
[Black "Ruiz Maraña, Alejandro"]
[Result "0-1"]
[WhiteElo "2151"]
[BlackElo "2122"]
[PlyCount "50"]
[EventDate "2006.11.22"]
[EventType "swiss"]
[EventRounds "9"]
[EventCountry "ESP"]
[Source "lmi"]
[SourceDate "2006.11.22"]

1. e4 d5 2. exd5 Qxd5 3. Nc3 Qa5 4. d4 Nf6 5. Bd2 c6 6. Nf3 Bf5 7. Ne4 Qc7 8.
Nxf6+ gxf6 9. g3 e6 10. Bg2 Nd7 11. O-O O-O-O 12. Nh4 Bg6 13. c4 c5 14. d5 Bd6
15. dxe6 fxe6 16. Nxg6 hxg6 17. Qg4 f5 18. Qxg6 Nf8 19. Qg5 Qh7 20. h3 Rg8 21.
Bxb7+ Kxb7 22. Qxd8 Nd7 23. Qa5 Qxh3 24. Bf4 Rh8 25. Qb5+ Nb6 0-1

[Event "Campeonato de España Abierto 2006"]
[Site "Leon ESP"]
[Date "2006.11.27"]
[Round "6.21"]
[White "Sabater Sanchez, Asensio"]
[Black "De La Barrera Montenegro, Eduar"]
[Result "1/2-1/2"]
[WhiteElo "2163"]
[BlackElo "2090"]
[PlyCount "140"]
[EventDate "2006.11.22"]
[EventType "swiss"]
[EventRounds "9"]
[EventCountry "ESP"]
[Source "lmi"]
[SourceDate "2006.11.22"]

1. d4 d5 2. Bg5 f6 3. Bf4 c5 4. e3 Nc6 5. c3 Qb6 6. Qb3 Qxb3 7. axb3 e5 8. dxe5
fxe5 9. Bg3 a6 10. Bb5 e4 11. Ne2 Bd7 12. Nf4 Nf6 13. Bh4 Rc8 14. Be2 Ne7 15.
O-O Ng6 16. Nxg6 hxg6 17. Bg3 Rc6 18. Nd2 Bd6 19. Bxd6 Rxd6 20. Rad1 Ke7 21. f3
Bf5 22. f4 Bg4 23. Rfe1 Bxe2 24. Rxe2 Rhd8 25. Rde1 b6 26. h3 Rh8 27. Kf2 Ke6
28. Kg1 Ke7 29. Ra1 a5 30. c4 Re6 31. Rae1 Kd7 32. cxd5 Nxd5 33. Nc4 Nb4 34.
Ne5+ Ke7 35. Rd1 Rd8 36. Rxd8 Kxd8 37. Rd2+ Nd3 38. Rd1 Ke7 39. Nxd3 exd3 40.
Rxd3 Re4 41. Kf2 c4 42. bxc4 Rxc4 43. Rb3 Rc6 44. e4 Ke6 45. Ke3 Rd6 46. g4 Rc6
47. f5+ gxf5 48. gxf5+ Kf7 49. Kf4 g6 50. h4 gxf5 51. Kxf5 Rh6 52. Rh3 Rh5+ 53.
Kg4 Rb5 54. b3 Re5 55. Re3 b5 56. Kf4 Rh5 57. Rh3 Ke6 58. Kg4 Re5 59. Re3 a4
60. bxa4 bxa4 61. h5 Kf7 62. h6 Kg6 63. Kf4 Ra5 64. e5 a3 65. e6 a2 66. e7 Ra8
67. Ra3 Re8 68. Ra6+ Kh7 69. Rxa2 Rxe7 70. Ra6 Rb7 1/2-1/2

[Event "Campeonato de España Abierto 2006"]
[Site "Leon ESP"]
[Date "2006.11.27"]
[Round "6.22"]
[White "Martinez Perez, Jorge"]
[Black "Perez Aleman, Pedro Tomas"]
[Result "1/2-1/2"]
[WhiteElo "2030"]
[BlackElo "2180"]
[PlyCount "102"]
[EventDate "2006.11.22"]
[EventType "swiss"]
[EventRounds "9"]
[EventCountry "ESP"]
[Source "lmi"]
[SourceDate "2006.11.22"]

1. Nf3 Nf6 2. b3 g6 3. Bb2 Bg7 4. e3 O-O 5. Be2 d6 6. d4 Nbd7 7. c4 e5 8. Qc2
Re8 9. Nc3 c6 10. h3 e4 11. Nd2 d5 12. g4 h6 13. O-O-O a6 14. h4 Nf8 15. Rdg1
b5 16. c5 N6h7 17. Nd1 b4 18. f3 exf3 19. Bxf3 Ne6 20. Nf2 a5 21. Nd3 Ba6 22.
Ne5 Bxe5 23. dxe5 a4 24. g5 hxg5 25. h5 Nhf8 26. hxg6 fxg6 27. Rh6 Qe7 28. Bg4
Kg7 29. Bxe6 Kxh6 30. Bf7 Be2 31. e6 Bh5 32. Rh1 axb3 33. Nxb3 Rxa2 34. Qh2
Rxb2 35. Qxb2 Nxe6 36. Bxe8 Qxe8 37. Qf6 Ng7 38. Kd2 Nf5 39. Re1 Ng3 40. Kc1
Ne4 41. Qd4 Nc3 42. Kb2 Qb8 43. Rf1 Ne4 44. Rf7 Qg8 45. Rc7 Qf8 46. Rxc6 Qf2+
47. Kc1 Qe1+ 48. Kb2 Qe2+ 49. Kc1 Qe1+ 50. Kb2 Qe2+ 51. Kc1 Qe1+ 1/2-1/2

[Event "Campeonato de España Abierto 2006"]
[Site "Leon ESP"]
[Date "2006.11.27"]
[Round "6.23"]
[White "Jimenez De La Torre, Jose Anton"]
[Black "Marcos Pinto, Luis"]
[Result "0-1"]
[WhiteElo "2161"]
[BlackElo "1922"]
[PlyCount "122"]
[EventDate "2006.11.22"]
[EventType "swiss"]
[EventRounds "9"]
[EventCountry "ESP"]
[Source "lmi"]
[SourceDate "2006.11.22"]

1. e4 c5 2. Nf3 Nc6 3. d4 cxd4 4. Nxd4 e5 5. Nb5 Nf6 6. N1c3 d6 7. Bg5 a6 8.
Bxf6 gxf6 9. Na3 b5 10. Nd5 Bg7 11. c3 f5 12. Nxb5 axb5 13. Bxb5 Bb7 14. exf5
Kf8 15. Qh5 Ne7 16. Nxe7 Kxe7 17. O-O Qc7 18. a4 Bf6 19. Qe2 Rag8 20. g3 h5 21.
h3 Rg5 22. a5 Rxf5 23. a6 Ba8 24. Ra4 h4 25. g4 Rf3 26. Re4 Bxe4 27. Qxe4 Rf4
28. Qe3 Bg5 29. Qd3 Qb6 30. b4 Rxf2 31. Rxf2 Be3 32. c4 Bxf2+ 33. Kg2 Qe3 34.
c5 Qxd3 35. Bxd3 Bd4 36. Be4 dxc5 37. a7 cxb4 38. a8=Q Rxa8 39. Bxa8 b3 40. Be4
Be3 41. Kf3 Bg5 42. Ke2 b2 43. Kd1 f6 44. Kc2 Bc1 45. Kc3 Kd6 46. Kc4 Be3 47.
Kb3 Kc5 48. Kc3 Bc1 49. Bb1 Kd5 50. Kd3 e4+ 51. Ke2 Ke5 52. Kf2 Kf4 53. Ke2 e3
54. Bd3 Kg3 55. Bf5 Kg2 56. Be4+ Kxh3 57. Kf3 Kh2 58. Bb1 Kg1 59. Ke2 h3 60.
Be4 h2 61. g5 h1=Q 0-1

[Event "Campeonato de España Abierto 2006"]
[Site "Leon ESP"]
[Date "2006.11.27"]
[Round "6.25"]
[White "Gonzalez Diez, Ruben"]
[Black "Santos Latasa, Jaime"]
[Result "1/2-1/2"]
[WhiteElo "2188"]
[BlackElo "1596"]
[PlyCount "137"]
[EventDate "2006.11.22"]
[EventType "swiss"]
[EventRounds "9"]
[EventCountry "ESP"]
[Source "lmi"]
[SourceDate "2006.11.22"]

1. d4 d5 2. Nf3 e6 3. c4 c6 4. Qc2 Nf6 5. Bg5 Nbd7 6. cxd5 exd5 7. e3 Be7 8.
Nc3 O-O 9. Bd3 Re8 10. O-O Nf8 11. Rab1 a5 12. a3 Ne4 13. Bxe7 Qxe7 14. b4 Ng6
15. b5 f5 16. a4 Bd7 17. bxc6 Bxc6 18. Qb3 Qb4 19. Bxe4 fxe4 20. Nd2 Qxb3 21.
Rxb3 Nf8 22. h3 Nd7 23. Nb5 Rec8 24. Ra1 Kf8 25. g4 Ke7 26. Nf1 b6 27. Ng3 g6
28. Ne2 Bb7 29. Nf4 Rc4 30. Nc3 Kd6 31. Nb5+ Ke7 32. Rc3 Rac8 33. Rac1 Rxc3 34.
Rxc3 Rc4 35. Rxc4 dxc4 36. Kf1 g5 37. Nh5 Bc6 38. Nc3 Bxa4 39. Nxa4 b5 40. Ke1
bxa4 41. Kd2 a3 42. Kc2 Ke6 43. Ng3 Kd5 44. Ne2 Nf6 45. Kb1 c3 46. Nxc3+ Kc4
47. Kc2 a4 48. Nxa4 a2 49. Kb2 Kd3 50. Nc5+ Ke2 51. Kxa2 Kxf2 52. Kb3 Kxe3 53.
Kc4 Kf2 54. d5 e3 55. d6 e2 56. Kd4 Kg3 57. Nd3 Kxh3 58. Ke5 Nd7+ 59. Kf5 Kh4
60. Ne1 h5 61. gxh5 Kxh5 62. Ke4 g4 63. Ke3 g3 64. Kxe2 Kg4 65. Ng2 Kh3 66. Kf1
Kg4 67. Kg1 Kf5 68. Ne3+ Ke4 69. Kg2 1/2-1/2

[Event "Campeonato de España Abierto 2006"]
[Site "Leon ESP"]
[Date "2006.11.27"]
[Round "6.26"]
[White "Gonzalez Trigal, Jose Luis"]
[Black "Sahelices Casado, Roberto"]
[Result "0-1"]
[WhiteElo "1824"]
[BlackElo "2067"]
[PlyCount "84"]
[EventDate "2006.11.22"]
[EventType "swiss"]
[EventRounds "9"]
[EventCountry "ESP"]
[Source "lmi"]
[SourceDate "2006.11.22"]

1. d4 Nf6 2. c4 g6 3. Nc3 d5 4. cxd5 Nxd5 5. e4 Nxc3 6. bxc3 c5 7. Nf3 Bg7 8.
Be3 Qa5 9. Qd2 Nc6 10. Rc1 cxd4 11. cxd4 Qxd2+ 12. Kxd2 O-O 13. Bc4 Rd8 14. d5
Na5 15. Bd3 e6 16. dxe6 Bxe6 17. Rc2 Bc4 18. Ne1 Rxd3+ 19. Nxd3 Rd8 20. Rxc4
Nxc4+ 21. Ke2 Nxe3 22. Kxe3 Bd4+ 23. Ke2 b5 24. Rb1 a6 25. Nb4 Ra8 26. Nd5 Kf8
27. f3 Rc8 28. Kd2 Rc4 29. Kd3 Bc5 30. Rb2 Ra4 31. Rc2 Bg1 32. h4 Ra3+ 33. Ke2
h5 34. Rb2 Bh2 35. Kf2 Be5 36. Rc2 a5 37. g3 b4 38. Nf4 a4 39. Rd2 b3 40. axb3
axb3 41. Nd3 Ra2 42. Ke3 Bd4+ 0-1